لغة جافا سكريبت / (رقم التسجيلة. 42029)

تفاصيل مارك
000 -LEADER
fixed length control field 00595nam a22002057a 4500
005 - DATE AND TIME OF LATEST TRANSACTION
control field 20251108170512.0
008 - FIXED-LENGTH DATA ELEMENTS--GENERAL INFORMATION
fixed length control field 250721s2000 xx 000 0 ara d
082 14 - DEWEY DECIMAL CLASSIFICATION NUMBER
Classification number 005.133/أسع
100 1# - MAIN ENTRY--PERSONAL NAME
Personal name أسعد، حسام
245 10 - TITLE STATEMENT
Title لغة جافا سكريبت /
246 11 - VARYING FORM OF TITLE
Title proper/short title java script
264 1# - PRODUCTION, PUBLICATION, DISTRIBUTION, MANUFACTURE, AND COPYRIGHT NOTICE
Place of production, publication, distribution, manufacture دمشق :
Name of producer, publisher, distributor, manufacturer دار الرضا للمعلومات،
Date of production, publication, distribution, manufacture, or copyright notice 2000.
300 ## - PHYSICAL DESCRIPTION
Extent 364ص
490 0# - SERIES STATEMENT
Series statement سلسلة الرضا للمعلومات ؛97
650 17 - SUBJECT ADDED ENTRY--TOPICAL TERM
Topical term or geographic name as entry element الحواسيب
650 17 - SUBJECT ADDED ENTRY--TOPICAL TERM
Topical term or geographic name as entry element لغات البرمجة
700 1# - ADDED ENTRY--PERSONAL NAME
Personal name خيربك، عمار
942 ## - ADDED ENTRY ELEMENTS (KOHA)
Source of classification or shelving scheme Dewey Decimal Classification
Koha item type كتب
المقتنيات
حالة السحب حالة الفقدان مصدر التصنيف حالة التلف غير قابل للإعارة المكتبة الرئيسية المكتبة الحالية موقع الرف تاريخ التزويد الرقم المتسلسل Total Checkouts رقم الإستدعاء تاريخ آخر ظهور تاريخ الفاتورة نوع المادة (كوها) الباركود
    Dewey Decimal Classification     المكتبة المركزية المكتبة المركزية مقتنيات قسم التزويد 28/07/2025 1764104   005.133/أسع 28/07/2025 28/07/2025 كتب  
    Dewey Decimal Classification     مكتبة أبو علندا العامة مكتبة أبو علندا العامة الإعارة 15/10/2015 469583   005.133/أسع 28/07/2025 15/10/2015 كتب PLD00356002
    Dewey Decimal Classification     مكتبة الأميرة ايمان العامة مكتبة الأميرة ايمان العامة الإعارة 28/07/2025 469574   005.133/أسع 28/07/2025 28/07/2025 كتب 469574
    Dewey Decimal Classification Unchecked   مكتبة الجويدة مكتبة الجويدة الإعارة 06/07/2004 469578   005.133/أسع 28/07/2025 06/07/2004 كتب  
    Dewey Decimal Classification     مكتبة صويلح العامة مكتبة صويلح العامة الإعارة 06/07/2004 469575   005.133/أسع 28/07/2025 06/07/2004 كتب 469575
    Dewey Decimal Classification Unchecked   مكتبة وادي السير العامة مكتبة وادي السير العامة الإعارة 06/07/2004 469584   005.133/أسع 28/07/2025 06/07/2004 كتب  
Implemented & Customized by: BBB with SCIT (Smart Chains for Information Technology)

Powered by Koha